Un essai d'économie sociale par un américain / (Record no. 157649)

MARC details
000 -LEADER
campo de control de longitud fija 00662nam a2200169 i 4500
001 - NÚMERO DE CONTROL
campo de control 157649
003 - IDENTIFICADOR DE NÚMERO DE CONTROL
campo de control ES-MaACL
005 - FECHA Y HORA DE LA ÚLTIMA TRANSACCIÓN
campo de control 20230906210801.0
008 - DATOS DE LONGITUD FIJA--INFORMACIÓN GENERAL
campo de control de longitud fija 040906s1895 fr |||| | fre d
040 ## - FUENTE DE CATALOGACIÓN
Centro catalogador/agencia de origen CAM
Lengua de catalogación spa
Centro/agencia transcriptor CAM
100 1# - ENTRADA PRINCIPAL--NOMBRE DE PERSONA
Nombre de persona Levasseur, Emile.
9 (RLIN) 71915
245 13 - MENCIÓN DEL TÍTULO
Título Un essai d'économie sociale par un américain /
Mención de responsabilidad, etc. E. Levasseur.
260 ## - PUBLICACIÓN, DISTRIBUCIÓN, ETC.
Lugar de publicación, distribución, etc. Paris :
Nombre del editor, distribuidor, etc. V. Giard & E. Briere,
Fecha de publicación, distribución, etc. 1895 (
Lugar de fabricación/manufactura Beaugeney :
Fabricante J. Laffray)
300 ## - DESCRIPCIÓN FÍSICA
Extensión 7 p. ;
Dimensiones 26 cm.
595 ## -
-- Extrait de la Revue Internationale de Sociologie, IIIe. année nº 10, octobre 1895.
852 ## - LOCALIZACIÓN
Ubicación ES-MaACL
Número de control de estantería T-747-F-10
Nota libre -- Enc. hol., conservando la cub. original
-- -- Enc. en un vol. facticio
Holdings
Estatus retirado Estado de pérdida Estado de daño No para préstamo Colección Biblioteca de origen Biblioteca actual Ubicación en estantería Fecha de adquisición Total de préstamos Signatura topográfica completa Código de barras Visto por última vez Precio de reemplazo Tipo de ítem Koha
        Colección de folletos Biblioteca del Ateneo de Madrid Biblioteca del Ateneo de Madrid Depósito folletos 17/01/2008   T-747-F-10 1164975 23/02/2023 23/02/2023 Folleto